5HLuxD.jpg

KING HENRY VIII SENIOR AND PRIMARY SCHOOL LIBRARY OPAC

Imagine a world / (Record no. 1896)

000 -LEADER
fixed length control field 01031cam a2200289 ab4500
001 - CONTROL NUMBER
control field 2238331
003 - CONTROL NUMBER IDENTIFIER
control field OSt
005 - DATE AND TIME OF LATEST TRANSACTION
control field 20230215090418.0
008 - FIXED-LENGTH DATA ELEMENTS--GENERAL INFORMATION
fixed length control field 191030s2015 nyua j 000 1 eng d
020 ## - INTERNATIONAL STANDARD BOOK NUMBER
International Standard Book Number 9781481449731
Qualifying information (hardcover) :
040 ## - CATALOGING SOURCE
Original cataloging agency DLC
Language of cataloging eng
Description conventions aacr2
Transcribing agency DLC
Modifying agency DLC
-- TCPL
-- KH8
042 ## - AUTHENTICATION CODE
Authentication code nbic
082 0# - DEWEY DECIMAL CLASSIFICATION NUMBER
Classification number 398.8 GON
100 1# - MAIN ENTRY--PERSONAL NAME
Personal name Gonsalves, Rob.
Relator term author
245 10 - TITLE STATEMENT
Title Imagine a world /
Statement of responsibility, etc. by Rob Gonsalves.
250 ## - EDITION STATEMENT
Edition statement 1st ed.
260 ## - PUBLICATION, DISTRIBUTION, ETC.
Place of publication, distribution, etc. New York :
Name of publisher, distributor, etc. Atheneum Books for Young Readers ,
Date of publication, distribution, etc. c2015.
300 ## - PHYSICAL DESCRIPTION
Extent 1 v. (unpaged) :
Other physical details col. ill. ;
Dimensions 29 cm.
490 1# - SERIES STATEMENT
Series statement The Imagine a ... series.
520 ## - SUMMARY, ETC.
Summary, etc. Illustrations and evocative text show how imagination can reveal the extraordinary in various places, from taking a swim in a salty sky to soaring over submerged lands under the sea.
521 1# - TARGET AUDIENCE NOTE
Target audience note Ages 4-8.
650 #0 - SUBJECT ADDED ENTRY--TOPICAL TERM
Topical term or geographic name entry element Geography
Form subdivision Juvenile fiction.
650 #0 - SUBJECT ADDED ENTRY--TOPICAL TERM
Topical term or geographic name entry element Imagination
Form subdivision Juvenile fiction.
651 #0 - SUBJECT ADDED ENTRY--GEOGRAPHIC NAME
Geographic name Earth (Planet)
Form subdivision Juvenile fiction.
830 #0 - SERIES ADDED ENTRY--UNIFORM TITLE
Uniform title Imagine a ... series.
942 ## - ADDED ENTRY ELEMENTS (KOHA)
Source of classification or shelving scheme
Koha item type Books - Non Ficton
Holdings
Withdrawn status Lost status Source of classification or shelving scheme Damaged status Not for loan Collection code Permanent Location Current Location Shelving location Date acquired Total Checkouts Full call number Barcode Date last seen Date last checked out Price effective from Koha item type
          Non-Fiction KH8 Primary School Library KH8 Primary School Library Non Fiction 2023-02-15 25 398.8 GON KHPL000003625 2025-12-05 2025-11-18 2023-02-15 Books - Non Ficton

Powered By KH8 IT Dept